[Event "2017 South African Open Ch"]
[Site "Durban"]
[Date "2017.07.22"]
[Round "11"]
[White "Bhawoodien, Shabir Hussain"]
[Black "Rooplal, Desmond"]
[Result "1-0"]
[WhiteElo "2066"]
[BlackElo "1686"]
[Annotator "NA RC"]
[PlyCount "103"]
[EventDate "2017.??.??"]
[EventCountry "RSA"]
[SourceTitle "playchess.com"]
[Source "ChessBase"]
[SourceQuality "1"]
[TimeControl "5400+30"]

{[%evp 8,86,12,32767,32767,12,47,61,32767,32767,32767,32767,32767,32767,32767,-14,0,-8,32767,-18,32767,8,-23,7,-10,0,32767,32767,8,0,2,0,12,32767,0,0,15,1,32767,32767,24,2,22,6,14,9,28,0,0,0,-7,32767,0,0,319,329,330,336,32767,32767,32767,32767,32767,32767,32767,32767,452,384,379,391,403,420,505,516,525,618,675,597,683,617,666]} 1. e4 {[%emt 0:06:23]} e5 {[%emt 0:06:34]} 2. Nf3 {[%emt 0:00:05]} Nf6 {[%emt 0:01:32]} 3. Nc3 {[%emt 0:01:46]} Nc6 {[%emt 0:00:03]} 4. a3 {[%emt 0:03:04]} Be7 {[%emt 0:01:09] LiveBook: 73 Games} 5. d4 {[%emt 0:03:08]} exd4 {[%emt 0:01:34] C47: Scotch Four Knights and Four Knights with 4 g3} 6. Nxd4 {[%emt 0:02:00]} Nxd4 {[%emt 0:01:34]} (6... d6 7. Bb5 Bd7 8. Nxc6 bxc6 9. Bd3 O-O 10. O-O c5 11. h3 Bc6 12. Bf4 Nd7 13. Re1 Bf6 14. Rb1 Rb8 15. Qd2 {½-½ (39) Motylev,A (2686)-Dubov,D (2614) Moscow 2014}) 7. Qxd4 {[%emt 0:00:04]} d6 {[%emt 0:00:15]} 8. Be2 {[%emt 0:02:33]} O-O {[%emt 0:00:42]} 9. O-O {[%emt 0:00:02]} Bg4 {[%emt 0:05:28]} 10. Bd3 $146 {[%emt 0:06:53]} ({Predecessor:} 10. Bxg4 Nxg4 11. Bd2 c5 12. Qd3 Qc7 {1-0 (24) Dymak,P-Zemen,J Svetla nad Sazavou 1997}) 10... Nd7 {[%emt 0:03:04]} 11. h3 {[%emt 0:04:28]} (11. Nd5 $14) 11... Be6 {[%emt 0:03:15]} 12. Bd2 {[%emt 0:03:41]} Bf6 {[%emt 0:04:21]} 13. Qe3 {[%emt 0:00:20]} Ne5 {[%emt 0:01:01]} 14. f4 {[%emt 0:09:32]} Nc4 {[%emt 0:01:09]} 15. Bxc4 $1 {[%emt 0:03:15]} Bxc4 {[%emt 0:00:02]} 16. Rfd1 {[%emt 0:03:35]} Re8 {[%emt 0:06:32]} 17. Qf3 {[%emt 0:02:37]} Qe7 {[%emt 0:12:42]} (17... c6 $5 {[%cal Rd8b6]}) 18. Re1 {[%emt 0:05:24]} Bd4+ {[%emt 0:03:27]} 19. Kh1 {[%emt 0:02:44]} c6 {[%emt 0:04:26]} 20. Rad1 {[%emt 0:06:25]} Rad8 {[%emt 0:03:00]} 21. b3 {[%emt 0:04:26]} Ba6 {[%emt 0:00:35]} 22. Nb1 {[%emt 0:01:14]} Qh4 {[%emt 0:04:31]} 23. Ba5 {[%emt 0:08:03]} Bf2 {[%emt 0:06:15]} 24. Bxd8 {[%emt 0:00:42]} Rxd8 {[%emt 0:00:01]} 25. Re3 {[%emt 0:04:59]} Bxe3 {[%emt 0:00:02]} 26. Qxe3 {[%emt 0:00:01]} h6 {[%emt 0:02:34]} 27. Nd2 {[%emt 0:01:27]} b6 {[%emt 0:08:07]} 28. Kh2 {[%emt 0:00:17]} Qe7 {[%emt 0:03:21]} 29. Nf3 {[%emt 0:00:54]} Re8 {[%emt 0:05:07]} 30. Qd2 {[%emt 0:07:32]} Qxe4 $2 {[%emt 0:00:59]} (30... c5 $11 {and Black has nothing to worry.}) 31. Re1 {[%emt 0:00:16]} Be2 {[%emt 0:01:14]} 32. Ng1 {[%emt 0:00:22]} Re6 {[%emt 0:03:55]} 33. Rxe2 {[%emt 0:00:08]} Qf5 {[%emt 0:00:15]} 34. Rxe6 {[%emt 0:00:14]} Qxe6 {[%emt 0:00:07]} 35. Nf3 {[%emt 0:00:28]} c5 {[%emt 0:00:24]} 36. c4 {[%emt 0:00:32]} a6 {[%emt 0:00:17]} 37. Kg3 {[%emt 0:01:56]} b5 {[%emt 0:00:14]} 38. Qd3 {[%emt 0:01:46]} bxc4 {[%emt 0:00:22]} 39. Qxc4 {[%emt 0:00:19]} d5 {[%emt 0:03:42]} 40. Qxc5 {[%emt 0:00:11]} Qg6+ {[%emt 0:01:11]} 41. Kh2 {[%emt 0:00:08]} Qe4 {[%emt 0:00:36]} 42. Qd4 {[%emt 0:00:07]} Qe6 {[%emt 0:00:38]} 43. b4 {[%emt 0:00:26]} Qd6 $18 {[%emt 0:00:46]} 44. Kg1 {[%emt 0:01:12]} f6 {[%emt 0:00:13]} 45. a4 {[%emt 0:00:15]} Qd7 {[%emt 0:00:31]} 46. a5 {[%emt 0:00:35]} Qb5 {[%emt 0:00:34]} 47. Kf2 {[%emt 0:00:53]} Kh8 {[%emt 0:00:20]} 48. Ne1 {[%emt 0:00:08]} Qa4 {[%emt 0:00:30]} 49. Nd3 {[%emt 0:00:18]} Qc2+ {[%emt 0:00:44]} 50. Kg3 {[%emt 0:00:22]} Qb3 {[%emt 0:00:19]} 51. Kh2 {[%emt 0:00:08]} Qa2 {[%emt 0:00:18]} 52. Nc5 {[%emt 0:00:11]} 1-0

[Event "2017 South African Open Ch"]
[Site "Durban"]
[Date "2017.07.22"]
[Round "11"]
[White "Oberholzer, Francois"]
[Black "Mazibuko, Khanya"]
[Result "1-0"]
[WhiteElo "2046"]
[BlackElo "1808"]
[Annotator "NA RC"]
[PlyCount "93"]
[EventDate "2017.??.??"]
[EventCountry "RSA"]
[SourceTitle "playchess.com"]
[Source "ChessBase"]
[SourceQuality "1"]
[TimeControl "5400+30"]

{[%evp 8,93,12,32767,32767,32767,32767,15,0,32767,32767,32767,32767,32767,32767,32767,32767,0,52,38,32767,32767,32767,37,33,38,65,0,22,37,79,32767,32767,32767,45,25,33,20,45,40,68,58,45,55,32767,32767,32767,45,59,79,32767,147,380,183,145,126,125,158,170,196,203,214,257,274,300,365,1443,1454,32767,32767,32767,32767,31,32767,32767,32767,32767,-52,-31,32767,32767,32767,-36,-47,32767,32767,5289,12841]} 1. e4 {[%emt 0:00:00]} c5 {[%emt 0:01:17]} 2. c3 {[%emt 0:00:00]} e6 {[%emt 0:00:38]} 3. d4 {[%emt 0:01:29]} cxd4 {[%emt 0:00:41]} 4. cxd4 {[%emt 0:00:06]} d5 {[%emt 0:00:06]} 5. e5 {[%emt 0:02:27]} Nc6 {[%emt 0:00:18]} 6. Nf3 {[%emt 0:00:13]} Nh6 {[%emt 0:05:01]} 7. Bd3 {[%emt 0:11:50]} (7. Bxh6 $5 gxh6 8. Bb5 $11) 7... Nf5 $1 {[%emt 0:10:14] LiveBook: 229 Games} 8. Bxf5 {[%emt 0:05:10]} exf5 {[%emt 0:00:07]} 9. Nc3 {[%emt 0:00:47] C02: French: Advance Variation} a6 {[%emt 0:07:30]} 10. O-O {[%emt 0:08:00]} Be7 {[%emt 0:00:49]} 11. Bd2 $146 {[%emt 0:05:42]} ({Predecessor:} 11. Ne2 g5 12. Qb3 f4 13. Rd1 Be6 14. Bd2 {0-1 (40) Yankovsky,R (2455)-Aldama Degurnay,D (2440) Monterey Park 2013}) 11... O-O {[%emt 0:01:26]} 12. Rc1 {[%emt 0:01:31]} Na5 {[%emt 0:07:24]} 13. Na4 {[%emt 0:11:55]} Nc4 {[%emt 0:04:38]} 14. Bc3 {[%emt 0:00:58]} Bd7 {[%emt 0:05:13]} 15. Nc5 {[%emt 0:06:30]} b6 {[%emt 0:00:35]} 16. Nd3 {[%emt 0:00:56]} Rc8 {[%emt 0:07:35]} 17. Nb4 {[%emt 0:09:25]} (17. b3 $16) 17... Nxb2 {[%emt 0:08:12]} 18. Qb3 {[%emt 0:03:33]} Na4 {[%emt 0:10:55]} 19. Nxd5 {[%emt 0:04:14]} Nxc3 {[%emt 0:02:57]} 20. Rxc3 {[%emt 0:03:05]} Rxc3 {[%emt 0:04:03]} 21. Qxc3 {[%emt 0:02:54]} Bb5 {[%emt 0:02:13]} 22. Nxe7+ {[%emt 0:00:09]} Qxe7 {[%emt 0:00:05]} 23. Rd1 {[%emt 0:03:15]} Be2 {[%emt 0:03:17]} 24. Re1 {[%emt 0:00:09]} Bxf3 {[%emt 0:04:05]} 25. Qxf3 {[%emt 0:00:01]} Qb4 {[%emt 0:00:29]} 26. Rd1 {[%emt 0:00:28]} Rd8 {[%emt 0:01:10]} 27. h3 {[%emt 0:09:25]} g6 {[%emt 0:00:58]} 28. d5 $1 {[%emt 0:00:44]} Qb2 {[%emt 0:00:31] [#]} 29. Qe3 $1 {[%emt 0:00:50]} Qxa2 $2 {[%emt 0:00:56]} (29... Qc2 $16 30. Rc1 Qe4) 30. d6 {[%emt 0:00:48]} (30. e6 $142 Re8 31. e7 (31. Qxb6 Qe2 $16)) 30... b5 {[%emt 0:02:10] [#]} 31. Qb6 $2 {[%emt 0:00:37]} (31. Qg5 $1 $18 {[%cal Rg5d8] is the precise move to win.} Rd7 32. Rc1) 31... Rd7 {[%emt 0:00:25]} 32. Qc6 {[%emt 0:00:07]} Qe6 {[%emt 0:00:14]} 33. Qxa6 {[%emt 0:00:45]} b4 {[%emt 0:01:04]} 34. Qb5 {[%emt 0:01:45]} b3 {[%emt 0:01:48]} 35. Rd3 {[%emt 0:01:18]} f4 {[%emt 0:02:52]} 36. Rxb3 {[%emt 0:02:48]} f6 {[%emt 0:00:46] [#]} (36... Rd8 $142 37. Qa5 Rd7 38. Rb8+ Kg7) 37. Rc3 $1 {[%emt 0:03:07]} fxe5 {[%emt 0:02:27]} 38. Rc7 {[%emt 0:01:15]} Rd8 {[%emt 0:00:28]} 39. d7 Kf7 {[%emt 0:00:33]} 40. Qc5 {[%emt 0:00:59]} Rxd7 {[%emt 0:01:24]} 41. Rc8 {[%emt 0:00:03]} Qd6 {[%emt 0:00:45]} 42. Qc4+ {[%emt 0:00:50]} Qd5 {[%emt 0:01:23]} 43. Qb4 {[%emt 0:00:02]} Qd6 {[%emt 0:00:13]} 44. Qc4+ {[%emt 0:00:22]} Kg7 {[%emt 0:00:35]} 45. Qg8+ {[%emt 0:00:42]} Kh6 {[%emt 0:00:05]} 46. Re8 {[%emt 0:00:27]} Re7 $2 {[%emt 0:00:35]} (46... Qc5 $11) 47. Qf8+ $18 {[%emt 0:00:11]} 1-0

[Event "2017 South African Open Ch"]
[Site "Durban"]
[Date "2017.07.22"]
[Round "11"]
[White "Zwakala, Ntando"]
[Black "Pon, Matt"]
[Result "1-0"]
[WhiteElo "2020"]
[BlackElo "2163"]
[Annotator "TA"]
[PlyCount "75"]
[EventDate "2017.??.??"]
[EventCountry "RSA"]
[SourceTitle "playchess.com"]
[Source "ChessBase"]
[SourceQuality "1"]

{[%evp 33,75,101,119,115,161,164,158,106,129,107,127,106,104,85,161,162,244,160,401,390,639,600,29993,425,701,759,692,585,885,879,791,783,811,585,1227,1228,1089,1044,1236,1222,1171,1164,1251,1217]} 1. e4 e6 2. d4 d5 3. Nc3 Bb4 4. e5 c5 5. a3 Bxc3+ 6. bxc3 Ne7 7. Qg4 Qc7 8. Qxg7 Rg8 9. Qxh7 cxd4 10. Ne2 {[%cal Bg1e2,Be2g3,Bg3e4,Be4d6][%mdl 32]} Nbc6 11. f4 dxc3 12. Qd3 d4 13. Ng3 {C18: French: 3 Nc3 Bb4: Main line: 7 h4 and 7 Qg4} (13. Nxd4 Nxd4 14. Qxd4 Bd7 15. Rg1 Nf5 16. Qf2 Qc6 17. g4 Qe4+ 18. Qe2 Qd5 19. Bg2 Qc5 20. Qf2 Nd4 21. Be4 O-O-O 22. Be3 Bc6 23. Bd3 {½-½ (37) Vachier Lagrave,M (2775)-Radjabov,T (2731) Tbilisi 2015}) 13... Bd7 14. Ne4 O-O-O 15. Nd6+ Kb8 16. Rb1 Bc8 17. Nxf7 Rdf8 {LiveBook: 3 Games} 18. Nd6 Ng6 19. Qe4 $1 Nh4 20. g3 (20. a4 $142) 20... Nf5 $16 21. Bg2 $146 Ka8 22. Nxf5 exf5 23. Qd3 $36 {[%mdl 2048] White is in control.} Rg6 (23... Rd8 $16) 24. a4 $18 Re8 (24... Qe7 $142 25. Bxc6 Rxc6) 25. Kf2 Qh7 $2 (25... Qe7 $16 26. Bxc6 Rxc6 27. Qxd4 Rd8) 26. Ba3 Bd7 $2 (26... Qd7 27. Bc5 Rd8) 27. Bd6 Rc8 {[#]} 28. Qxd4 $1 {[%mdl 512]} Be8 (28... Be6 $142 29. Qxc3 Nd8) (28... Nxd4 29. Bxb7#) 29. Qxc3 Qg7 30. Qd3 Rd8 31. Rb5 {[%cal Bb1b5,Bb5e5,Be5e8][%mdl 32]} Nxe5 32. Rxe5 Bc6 33. Rhe1 {Bxc6 is the strong threat.} Bxg2 34. Re8 {[%cal Re8d8]} Qd7 35. Bc7 Qxe8 36. Rxe8 ({Not} 36. Qxd8+ Qxd8 37. Bxd8 Be4 $18) ({Less strong is} 36. Bxd8 Be4 $16) 36... Rxe8 37. Kxg2 Rge6 38. Be5 {Precision: White = 78%, Black = 10%.} 1-0

[Event "2017 South African Open Ch"]
[Site "Durban"]
[Date "2017.07.22"]
[Round "11"]
[White "Tlale, Tshepang"]
[Black "Govindasamy, Nashlen"]
[Result "1/2-1/2"]
[WhiteElo "1927"]
[BlackElo "2087"]
[Annotator "NA RC"]
[PlyCount "143"]
[EventDate "2017.??.??"]
[EventCountry "RSA"]
[SourceTitle "playchess.com"]
[Source "ChessBase"]
[SourceQuality "1"]
[TimeControl "5400+30"]

1. e4 {[%emt 0:00:00]} c5 {[%emt 0:12:45]} 2. Nf3 {[%emt 0:00:00]} e6 {[%emt 0:00:07]} 3. c4 {[%emt 0:00:07]} Nc6 {[%emt 0:00:24]} 4. d4 {[%emt 0:00:36]} cxd4 {[%emt 0:00:16]} 5. Nxd4 {[%emt 0:00:18]} Nf6 {[%emt 0:00:12]} 6. Nc3 {[%emt 0:00:59]} Bb4 {[%emt 0:00:11]} 7. Nxc6 {[%emt 0:07:22]} bxc6 {[%emt 0:00:10]} 8. Bd3 {[%emt 0:01:02]} e5 {[%emt 0:00:14] LiveBook: 160 Games} 9. Bd2 {[%emt 0:02:35]} O-O {[%emt 0:02:35] B44: Sicilian: Taimanov: 5 Nb5} 10. O-O {[%emt 0:01:20]} Bc5 {[%emt 0:19:25]} (10... d6 11. Kh1 Bc5 12. Bg5 h6 13. Bh4 g5 14. Bg3 Rb8 15. b3 h5 16. Qd2 Nd7 17. h3 h4 18. Bh2 Bd4 19. Rac1 Nc5 20. Bb1 {1-0 (76) Georgiev,K (2651)-Zhang,P (2567) Dos Hermanas 2004}) 11. h3 {[%emt 0:12:56]} d6 12. Qf3 Ne8 $146 (12... Bxh3 $2 {[%mdl 8192]}) (12... Be6 $11) ({Predecessor:} 12... Rb8 13. Rab1 Be6 14. Be2 d5 15. Qg3 Nxe4 16. Nxe4 dxe4 17. Rbd1 {0-1 (30) Hutton,A (1197)-Power,M (1840) IECC email 1999}) 13. Ne2 a5 14. Rab1 Nc7 15. Be3 Ne6 16. Bxc5 Nxc5 17. Rfd1 f5 18. Bc2 {[%emt 0:54:55]} fxe4 19. Qe3 Be6 {[%emt 1:20:59]} 20. b3 {[%emt 0:04:31]} Qe7 {[%emt 0:04:47]} 21. Nc3 {[%emt 0:07:14]} Rf4 {[%emt 0:00:28]} 22. Bxe4 {[%emt 0:10:36]} Raf8 {[%emt 0:01:45]} (22... Nxe4 $11 {remains equal.} 23. Nxe4 Bf5) 23. Rb2 {[%emt 0:01:34]} Nxe4 {[%emt 0:00:40]} 24. Nxe4 {[%emt 0:00:38]} d5 {[%emt 0:00:39]} 25. Nc5 {[%emt 0:06:40]} Bf7 {[%emt 0:02:27]} 26. cxd5 {[%emt 0:02:38]} Bxd5 {[%emt 0:00:55]} 27. Re1 {[%emt 0:03:25]} R4f5 {[%emt 0:04:29]} (27... R8f5 $11) 28. Ne4 {[%emt 0:01:20]} Qh4 {[%emt 0:01:39]} 29. Ng3 {[%emt 0:02:11]} Rg5 {[%emt 0:01:05]} 30. Qc3 {[%emt 0:00:59]} Qf4 {[%emt 0:00:49]} 31. Qe3 {[%emt 0:01:02]} Qh4 {[%emt 0:03:51]} 32. Qc3 {[%emt 0:00:26]} Qd4 {[%emt 0:00:32]} 33. Rc2 {[%emt 0:02:09]} h5 {[%emt 0:01:19]} 34. Qe3 {[%emt 0:00:37]} Qf4 {[%emt 0:00:32]} 35. Qxf4 {[%emt 0:02:23]} exf4 {[%emt 0:00:14]} 36. Ne4 {[%emt 0:00:17]} Re5 {[%emt 0:00:29]} 37. f3 {[%emt 0:00:11]} Rfe8 {[%emt 0:00:16]} 38. Rce2 {[%emt 0:00:36]} Bxe4 {[%emt 0:00:28]} 39. Rxe4 {[%emt 0:00:35]} Rxe4 {[%emt 0:00:03]} 40. fxe4 {[%emt 0:00:11]} Kf7 {[%emt 0:01:03]} 41. Kf2 {[%emt 0:00:28]} Rd8 {[%emt 0:00:17]} 42. h4 {[%emt 0:01:15]} Ke6 {[%emt 0:00:14]} 43. Rc1 {[%emt 0:01:51]} Ke5 {[%emt 0:00:14]} 44. Rxc6 {[%emt 0:02:04]} Kxe4 {[%emt 0:00:37]} 45. Rc4+ {[%emt 0:00:05]} Kf5 {[%emt 0:00:45]} 46. Ra4 $11 {[%emt 0:01:05]} Rd2+ {[%emt 0:00:56]} 47. Kf3 {[%emt 0:00:15]} Rd3+ {[%emt 0:00:09]} 48. Kf2 {[%emt 0:00:14]} Kg4 {[%emt 0:00:28]} 49. Rxa5 {[%emt 0:00:37]} Kxh4 {[%emt 0:00:15]} 50. Re5 {[%emt 0:00:17]} Kg4 {[%emt 0:00:47]} 51. Re2 {[%emt 0:01:05]} Kf5 {[%emt 0:00:57]} 52. b4 {[%emt 0:00:24]} Rd4 {[%emt 0:00:40]} 53. Rb2 {[%emt 0:00:10]} Ke6 {[%emt 0:00:22]} 54. b5 {[%emt 0:00:39]} Kd7 {[%emt 0:00:22]} 55. b6 {[%emt 0:00:32]} Kc8 {[%emt 0:00:07]} 56. a3 {[%emt 0:00:14]} Ra4 {[%emt 0:01:05]} 57. Rb3 {[%emt 0:00:10]} Kb7 {[%emt 0:00:11]} 58. Kf3 {[%emt 0:01:52]} g5 {[%emt 0:00:11]} 59. Kf2 {[%emt 0:00:24]} Ra5 {[%emt 0:01:01]} 60. Kf3 {[%emt 0:00:16]} Ra6 {[%emt 0:00:24]} 61. Ke4 {[%emt 0:00:33]} Rxb6 {[%emt 0:00:26]} 62. Rd3 {[%emt 0:00:44]} Rb2 {[%emt 0:00:41]} 63. Kf3 {[%emt 0:00:33]} Kc6 {[%emt 0:00:31]} 64. g3 {[%emt 0:00:33]} fxg3 {[%emt 0:00:14]} 65. Kxg3 {[%emt 0:00:01]} Kc5 {[%emt 0:00:48]} 66. Rf3 {[%emt 0:00:27]} Kc4 {[%emt 0:00:14]} 67. a4 {[%emt 0:00:43]} h4+ {[%emt 0:00:44]} 68. Kh3 {[%emt 0:00:12]} Kb4 {[%emt 0:00:40]} 69. Rf5 {[%emt 0:00:34]} Rb3+ {[%emt 0:00:13]} 70. Kh2 {[%emt 0:00:29]} Rg3 {[%emt 0:00:45]} 71. a5 {[%emt 0:00:02]} Ra3 {[%emt 0:00:39]} 72. Rxg5 {[%emt 0:00:06]} 1/2-1/2

[Event "2017 South African Open Ch"]
[Site "Durban"]
[Date "2017.07.22"]
[Round "11"]
[White "Wilken, Justin Barend"]
[Black "Abrantes, Persson"]
[Result "1-0"]
[WhiteElo "1920"]
[BlackElo "2003"]
[Annotator "NA RC"]
[PlyCount "179"]
[EventDate "2017.??.??"]
[EventCountry "RSA"]
[SourceTitle "playchess.com"]
[Source "ChessBase"]
[SourceQuality "1"]
[TimeControl "5400+30"]

1. e4 {[%emt 0:03:00]} d6 {[%emt 0:00:11]} 2. d4 {[%emt 0:00:00]} g6 {[%emt 0:00:12]} 3. Nc3 {[%emt 0:00:09]} Bg7 {[%emt 0:00:09]} 4. Be3 {[%emt 0:00:04]} Nf6 {[%emt 0:00:09]} 5. h3 {[%emt 0:00:12]} O-O {[%emt 0:01:58]} 6. Nf3 {[%emt 0:02:54]} e5 {[%emt 0:00:35]} 7. dxe5 {[%emt 0:01:11]} dxe5 {[%emt 0:00:16]} 8. Bc5 {[%emt 0:00:10] B08: Pirc Defence: Classical System} (8. Qxd8 Rxd8 9. Bc4 Nc6 10. Ng5 Rd7 11. Rd1 Nd4 12. O-O h6 13. Nxf7 Rxf7 14. Bxd4 exd4 15. Rxd4 Nd7 16. Rdd1 Nb6 {1-0 (33) Kamsky,G (2702)-Mamedov,R (2639) Baku 2010}) 8... Qxd1+ {[%emt 0:01:34]} 9. Rxd1 {[%emt 0:00:05]} Re8 {[%emt 0:00:06]} 10. Bc4 {[%emt 0:02:45]} h6 {[%emt 0:00:08]} 11. O-O {[%emt 0:00:13]} b6 $146 {[%emt 0:04:46]} ({Predecessor:} 11... Nbd7 12. Be3 c6 13. a4 Bf8 14. Nh4 Kg7 15. f4 Nb6 {0-1 (34) Siemers,J (2235)-Rostalski,W (2275) Bargteheide 1989}) 12. Ba3 {[%emt 0:01:05]} Bb7 {[%emt 0:00:45]} 13. Nd5 {[%emt 0:01:54]} (13. Nb5 $5 {[%cal Rb5c7]} Nbd7 14. Rd2 $14 (14. Nxc7 Rec8 $14)) 13... Nxd5 {[%emt 0:02:59]} 14. Bxd5 {[%emt 0:00:23]} c6 {[%emt 0:00:37]} 15. Bb3 {[%emt 0:01:13]} c5 {[%emt 0:00:14]} 16. Rfe1 {[%emt 0:01:54]} Nc6 {[%emt 0:04:35]} 17. c3 {[%emt 0:00:22]} Rad8 {[%emt 0:01:54]} 18. Bd5 {[%emt 0:00:44]} Na5 {[%emt 0:08:38]} 19. Bxb7 {[%emt 0:00:48]} Nxb7 {[%emt 0:00:08]} 20. b3 {[%emt 0:00:18]} b5 {[%emt 0:05:04]} 21. Kf1 {[%emt 0:02:04]} a5 {[%emt 0:04:19]} 22. Ke2 {[%emt 0:02:41]} b4 {[%emt 0:02:21]} 23. Bb2 {[%emt 0:00:16]} Nd6 {[%emt 0:00:07]} 24. Kf1 {[%emt 0:02:38]} Nb5 {[%emt 0:01:08]} 25. cxb4 {[%emt 0:00:32]} axb4 {[%emt 0:08:56]} 26. Rxd8 {[%emt 0:00:39]} Rxd8 {[%emt 0:00:10]} 27. Rc1 {[%emt 0:00:59]} Rc8 {[%emt 0:06:11]} 28. Nxe5 {[%emt 0:03:19]} Ra8 {[%emt 0:04:50]} 29. Rxc5 {[%emt 0:05:34]} Rxa2 {[%emt 0:00:05]} 30. Rxb5 {[%emt 0:00:13]} Rxb2 {[%emt 0:00:05]} 31. Rb8+ {[%emt 0:00:14]} Kh7 {[%emt 0:00:29]} 32. Nc6 {[%emt 0:14:29]} Rxb3 {[%emt 0:00:30]} (32... Rb1+ $1 $11 33. Ke2 Rb2+ 34. Kf3 Rxb3+ 35. Ke2 Rb2+ 36. Ke3 Rb3+ 37. Kf4 Rb2) 33. Rxb4 {[%emt 0:01:54]} Rc3 {[%emt 0:00:59]} 34. Nd8 {[%emt 0:02:07]} ({White should play} 34. Ne7 $14) 34... Rd3 {[%emt 0:01:08]} 35. Rb8 {[%emt 0:01:29]} Rd7 {[%emt 0:03:33]} 36. Nc6 {[%emt 0:01:05]} Rc7 {[%emt 0:01:50]} 37. Rb6 {[%emt 0:04:01]} Bf8 {[%emt 0:01:20]} 38. Ke2 {[%emt 0:02:46]} Bc5 {[%emt 0:00:04]} 39. Ra6 {[%emt 0:00:08]} Rb7 {[%emt 0:00:35]} 40. Ra2 $1 {[%emt 0:02:12]} Rb6 {[%emt 0:00:51]} 41. Ne5 {[%emt 0:07:42]} Re6 {[%emt 0:03:07]} 42. Nxf7 {[%emt 0:00:31]} Rxe4+ {[%emt 0:08:57]} 43. Kf1 {[%emt 0:02:40]} Re7 {[%emt 0:09:24]} 44. Nd8 {[%emt 0:00:12]} Bb4 {[%emt 0:00:18]} 45. g3 {[%emt 0:00:41]} Rd7 {[%emt 0:02:39]} 46. Nc6 {[%emt 0:02:30]} Bc5 {[%emt 0:00:43]} 47. Ne5 {[%emt 0:00:30]} Rd1+ {[%emt 0:01:04]} 48. Kg2 {[%emt 0:00:34]} g5 {[%emt 0:00:52]} 49. g4 {[%emt 0:01:00]} Rd5 {[%emt 0:00:58]} 50. Nf3 {[%emt 0:01:47]} Bb6 {[%emt 0:01:17]} 51. Rb2 {[%emt 0:04:33]} Bc5 {[%emt 0:02:11]} 52. Rd2 {[%emt 0:00:24]} Rd6 {[%emt 0:00:48]} 53. Rxd6 {[%emt 0:00:40]} Bxd6 {[%emt 0:00:01]} 54. Nd4 {[%emt 0:01:37]} Kg6 {[%emt 0:00:12]} 55. Kf3 {[%emt 0:00:20]} Bf4 $2 {[%emt 0:01:16] [#]} ({Black should try} 55... Bc7 $14) 56. Ke4 $2 {[%emt 0:00:11]} (56. h4 $1 $18 {[%mdl 512]}) 56... Bc1 {[%emt 0:00:50]} 57. Ne2 {[%emt 0:02:36]} Bb2 {[%emt 0:00:16]} 58. Ng3 {[%emt 0:00:29]} Ba1 {[%emt 0:00:11]} 59. Kd5 {[%emt 0:00:13]} Bb2 {[%emt 0:00:17]} 60. f3 {[%emt 0:04:25]} Ba1 {[%emt 0:00:36]} 61. Ke6 {[%emt 0:00:14]} Bb2 {[%emt 0:00:21]} 62. Nf5 {[%emt 0:00:27]} Ba3 {[%emt 0:01:05]} 63. Ne7+ {[%emt 0:00:37]} Kg7 {[%emt 0:00:14]} 64. Nc6 {[%emt 0:00:08]} Bb2 {[%emt 0:01:10]} 65. Kf5 {[%emt 0:00:52]} Bc3 {[%emt 0:00:22]} 66. Nd8 {[%emt 0:01:18]} Bd2 {[%emt 0:00:46]} 67. Ne6+ {[%emt 0:00:21]} Kf7 {[%emt 0:00:36]} 68. f4 {[%emt 0:00:14]} gxf4 {[%emt 0:00:12]} 69. Nxf4 {[%emt 0:00:04]} Bc1 {[%emt 0:00:46]} 70. h4 {[%emt 0:03:09]} Bd2 {[%emt 0:01:09]} 71. Nd3 $16 {[%emt 0:01:58]} Be3 {[%emt 0:01:42]} 72. Ne5+ {[%emt 0:00:13]} Kg7 {[%emt 0:00:11]} 73. h5 {[%emt 0:00:43]} Bc1 {[%emt 0:00:20]} 74. Ke6 {[%emt 0:00:07]} Bb2 {[%emt 0:00:45]} 75. Nc6 {[%emt 0:00:11]} Bc1 {[%emt 0:00:22]} 76. Ne7 {[%emt 0:00:08]} Bd2 {[%emt 0:00:35]} 77. Nf5+ {[%emt 0:00:06]} Kh7 {[%emt 0:00:14]} 78. Kf7 {[%emt 0:00:07]} Bc1 {[%emt 0:00:40]} 79. Ne7 {[%emt 0:00:33]} Ba3 {[%emt 0:02:55]} 80. Ng8 {[%emt 0:00:27]} Bc1 {[%emt 0:02:23]} 81. Nf6+ {[%emt 0:00:14]} Kh8 {[%emt 0:00:05]} 82. Kg6 {[%emt 0:00:08]} Bd2 {[%emt 0:00:36]} 83. Ne8 {[%emt 0:02:07]} Bf4 {[%emt 0:00:21]} 84. Ng7 {[%emt 0:00:13]} Bc1 {[%emt 0:00:40]} 85. Nf5 {[%emt 0:00:10]} Bd2 {[%emt 0:00:39]} 86. Nxh6 {[%emt 0:00:15]} Bc1 {[%emt 0:00:30]} 87. Nf7+ {[%emt 0:00:24]} Kg8 {[%emt 0:00:01]} 88. h6 {[%emt 0:00:17]} Bb2 {[%emt 0:00:48]} 89. h7+ {[%emt 0:00:13]} Kf8 {[%emt 0:00:01]} 90. h8=Q+ {[%emt 0:00:14]} 1-0